| 000 | 00525nam a22001337a 4500 | ||
|---|---|---|---|
| 082 |
_a200 _bDHA/G |
||
| 100 | _aDHAMMIKA, VEN S | ||
| 245 | _aGOOD QUESTION GOOD ANSWER | ||
| 260 |
_aSINGAPORE _bBUDDHA DHAMMA MANDALA SOCIETY |
||
| 300 | _a85 | ||
| 520 | _aThe book covers topics such as What is Buddhism? Basic Buddhist Concepts, Buddhism and the god Idea, The Five Precepts, Rebirth, Meditation, Wisdom and Compassion, Vegetarianism, Good Luck and Fate and Becoming a Buddhist. | ||
| 650 |
_aRELIGIOUS _zSINGAPORE |
||
| 942 | _cBK | ||
| 999 |
_c5173 _d5173 |
||